Horror Movies by Character - Statistics

General Stats
  • This quiz has been taken 545 times
  • The average score is 16 of 23
Answer Stats
Character Movie % Correct
Pennywise It
99%
Ghostface Scream
97%
Michael Myers Halloween
96%
Freddy Krueger A Nightmare on Elm Street
95%
Chucky Child's Play
94%
Jason Voorhees Friday the 13th
92%
Jigsaw Saw
91%
Leatherface The Texas Chain Saw Massacre
84%
Hannibal Lector The Silence of the Lambs
79%
Pinhead Hellraiser
78%
Carrie White Carrie
77%
Xenomorph Alien
76%
Art the Clown Terrifier
76%
Jack Torrance The Shining
75%
Annabelle The Conjuring
74%
Norman Bates Psycho
68%
Samara Morgan The Ring
56%
Annie Wilkes Misery
48%
Valak The Nun
45%
Pazuzu The Exorcist
44%
Paimon Hereditary
20%
C_ _ _ _ _ _ _ Candyman
15%
M _ _ _ _ M3GAN
5%
No matching quizzes found
Score Distribution
Percent of People with Each Score
Percentile by Number Answered
Your Score History
You have not taken this quiz